Obálka Náhled e-knihy:
PDF Epub
Pro půjčování e-knih musíte být přihlášeni.
Jak si půjčit online?

Star Wars. Přízrak minulosti /

Román ze světa Star Wars. Impérium stojí proti Nové republice s novou zbraní - vzkříšeným velkoadmirálem Thrawnem.

Uloženo v:
Série:Star Wars - Ruka Thrawnova, část 1
Hlavní autor: Zahn, Timothy, 1951- (Autor)
Další autoři: Pohl, Milan, 1982- (Autor)
Médium: E-kniha
Jazyk:Czech
Vydáno: V Praze : Egmont, 2021
Vydání:Druhé vydání
Témata:
Příbuzné jednotky:Přeloženo z: Star Wars
Z cyklu:: Star Wars - Ruka Thrawnova
Tagy:
Žádné tagy
LEADER 02764nam a2200529 i 4500
001 311385
003 CZ PrSKC
005 20260601215704.0
007 ta
008 210830s2021 xr d 000 f cze
015 |a cnb003349150 
020 |a 9788025250037  |q (brožováno) :  |c Kč 369,00 
035 |a (OCoLC)1274109521 
040 |a ABG001  |b cze  |e rda 
041 1 |a cze  |h eng 
072 7 |a 821.111(73)-3  |x Americká próza  |2 Konspekt 
072 7 |a 821-93  |x Literatura pro děti a mládež (beletrie)  |2 Konspekt 
080 |a 821.111(73)-31  |2 MRF 
080 |a 821-93  |2 MRF 
080 |a (0:82-311.9)  |2 MRF 
100 1 |a Zahn, Timothy,  |d 1951-  |7 jn20010310198  |4 aut 
240 1 0 |a Specter of the past.  |l Česky  |7 aun20211126456 
245 1 0 |a Star Wars.  |p Přízrak minulosti /  |c Timothy Zahn ; z anglického originálu přeložil Milan Pohl 
246 3 0 |a Přízrak minulosti 
250 |a Druhé vydání 
264 1 |a V Praze :  |b Egmont,  |c 2021 
300 |a 355 stran ;  |c 20 cm 
336 |a text  |b txt  |2 rdacontent 
337 |a bez média  |b n  |2 rdamedia 
338 |a svazek  |b nc  |2 rdacarrier 
500 |a Na obálce nad názvem uvedeno: Legends 
520 2 |a Román ze světa Star Wars. Impérium stojí proti Nové republice s novou zbraní - vzkříšeným velkoadmirálem Thrawnem.  |b Strhující příběh z období Nové republiky. Impérium je na pokraji totálního zhroucení. Přesto mu ještě zbývá jedna poslední možnost ovládnout galaxii. Do jeho čela se opět staví velkoadmirál Thrawn, který ho má dovést k vítězství. Han a Leia zahajují zoufalý závod s časem, Luke se mezitím spojuje s někdejší Císařovou rukou Marou Jade. Všichni čtyři mají jediný cíl - zachránit Novou republiku před zkázou. Nakladatelská anotace. 
521 8 |a Pro čtenáře od 12 let 
655 7 |a americké romány  |7 fd131796  |2 czenas 
655 7 |a vědecko-fantastické romány  |7 fd133847  |2 czenas 
655 7 |a publikace pro mládež  |7 fd133157  |2 czenas 
655 9 |a American fiction  |2 eczenas 
655 9 |a science fiction novels  |2 eczenas 
655 9 |a juvenile literature  |2 eczenas 
700 1 |a Pohl, Milan,  |d 1982-  |7 xx0064353  |4 trl 
765 0 |t Star Wars 
787 0 8 |i Z cyklu:  |t Star Wars - Ruka Thrawnova  |g 1 
900 |a ABA001  |b 20 
044 |a xr 
910 |a RBIT002 
998 |d 333928  |a https://core.palmknihy.cz/api/books/333928/cover?si82h8  |b https://core.palmknihy.cz/api/books/333928/cover/400?si82h8  |c https://core.palmknihy.cz/api/books/333928/cover/50?si82h8  |e 2026-12-31  |g 360  |i 9788025250037  |j https://core.palmknihy.cz/api/books/333928/preview.epub  |k https://core.palmknihy.cz/api/books/333928/preview.pdf  |l   |q 49  |r 1  |s https://www.palmknihy.cz/kniha/333928  |t ebook  |y 2021  |z 0  |v Star Wars - Ruka Thrawnova  |w 1 
999 |d 311383